[Event "At a Turtle's Pace"]
[Site "SchemingMind.com"]
[Date "2016.07.15"]
[Round "-"]
[White "finlaggan"]
[Black "Diadoco"]
[Result "1-0"]
[WhiteCountry "SCO"]
[BlackCountry "MEX"]
[WhiteElo "2081"]
[WhiteRD "101"]
[BlackElo "1984"]
[BlackRD "89"]
[GameID "401459"]

1. d4 d5 2. c4 c6 3. Nf3 Nf6 4. Nc3 e6 5. Bg5 h6 6. Bh4 dxc4 7. e4 g5 8. Bg3 b5 9. Be2 Bb7 10. h4 g4
11. Ne5 Nbd7 12. Bxg4 Nxe5 13. Bxe5 Rg8 14. Bf3 Nd7 15. Bf4 Qf6 16. Qd2 Rd8 17. Bc7 Rc8 18. e5 Qg7 19. Bd6 Bxd6 20. exd6 a6
21. Rh3 Qf8 22. Qf4 Nb6 23. Ne4 Nd5 24. Qe5 Rd8 25. Qxd5
1-0

[Event "At a Turtle's Pace"]
[Site "SchemingMind.com"]
[Date "2016.07.14"]
[Round "-"]
[White "Diadoco"]
[Black "finlaggan"]
[Result "1/2-1/2"]
[WhiteCountry "MEX"]
[BlackCountry "SCO"]
[WhiteElo "1984"]
[WhiteRD "89"]
[BlackElo "2081"]
[BlackRD "101"]
[GameID "401460"]

1. e4 c5 2. Nf3 f6 3. d4 cxd4 4. Nxd4 Nc6 5. c4 Nxd4 6. Qxd4 e6 7. Be2 b6 8. Be3 Bc5 9. Qd2 Bxe3 10. Qxe3 Ne7
11. Nc3 O-O 12. O-O Bb7 13. Rfd1 Bc6 14. Bf3 Ng6 15. Rd2 f5 16. exf5 Bxf3 17. fxg6 Bc6 18. gxh7+ Kxh7 19. Rad1 Rf5 20. Ne4 Qh4
21. Ng3 Qg5 22. Qxg5 Rxg5 23. b4 b5 24. c5 a5 25. a3 axb4 26. axb4 Rg4 27. Rb1 Ra4 28. Rdb2 Kg6 29. f3 Rc4 30. Kf2 e5
31. h3 Bd5 32. Ke3 Kf6 33. Ne4+ Bxe4 34. fxe4 Rc3+ 35. Kf2 Rc4 36. Kf3 Rc3+ 37. Kf2 Rc4 38. Kf3 Rc3+ 39. Kf2 Rc4 40. Kf3 Rc3+
1/2-1/2

[Event "At a Turtle's Pace"]
[Site "SchemingMind.com"]
[Date "2016.07.15"]
[Round "-"]
[White "emvarela"]
[Black "Diadoco"]
[Result "1/2-1/2"]
[WhiteCountry "ARG"]
[BlackCountry "MEX"]
[WhiteElo "1712"]
[WhiteRD "55"]
[BlackElo "2005"]
[BlackRD "84"]
[GameID "401461"]

1. e4 c5 2. Nf3 d6 3. d4 cxd4 4. Nxd4 Nf6 5. Nc3 a6 6. Bg5 Nbd7 7. Bc4 Qb6 8. Nb3 e6 9. Bxf6 Nxf6 10. O-O Be7
11. Qe2 O-O 12. a3 Qc7 13. Bd3 b5 14. h3 Bb7 15. Nd2 h6 16. Na2 Rac8 17. Rac1 d5 18. exd5 Nxd5 19. Be4 Bf6 20. c3 Nf4
21. Qf3 Bxe4 22. Nxe4 Be5 23. Nb4 a5 24. Nd3 Rfd8 25. Nxe5 Qxe5 26. Rcd1 Nd5 27. Rfe1 Qc7 28. Qg3 Qxg3 29. Nxg3 Nb6 30. Rxd8+ Rxd8
31. Re2 Rd1+ 32. Kh2 Nc4 33. b4 axb4 34. axb4 Kf8 35. Ne4 Rc1 36. g4 Ke7 37. f4 f6 38. Nc5 e5 39. fxe5 fxe5 40. Nd3 Rxc3
41. Nxe5 Re3 42. Rxe3 Nxe3 43. Kg3 Nd5 44. Nd3 g5 45. Kf3 Kd6 46. Ke4 Ne7 47. Kd4 Nc6+ 48. Ke4 Ne7 49. Kd4 Nc6+ 50. Ke4 Ne7
51. Kd4
1/2-1/2

[Event "At a Turtle's Pace"]
[Site "SchemingMind.com"]
[Date "2016.07.15"]
[Round "-"]
[White "Diadoco"]
[Black "emvarela"]
[Result "1-0"]
[WhiteCountry "MEX"]
[BlackCountry "ARG"]
[WhiteElo "2003"]
[WhiteRD "83"]
[BlackElo "1728"]
[BlackRD "49"]
[GameID "401462"]

1. e4 e5 2. Nf3 Nc6 3. Bb5 a6 4. Ba4 Nf6 5. O-O Be7 6. Re1 b5 7. Bb3 O-O 8. h3 d6 9. c3 h6 10. d4 Re8
11. a4 Bb7 12. Nbd2 exd4 13. cxd4 Nb4 14. axb5 axb5 15. Rxa8 Qxa8 16. e5 Nd7 17. e6 fxe6 18. Bxe6+
1-0

[Event "At a Turtle's Pace"]
[Site "SchemingMind.com"]
[Date "2016.07.15"]
[Round "-"]
[White "Diadoco"]
[Black "greghghs"]
[Result "0-1"]
[WhiteCountry "MEX"]
[BlackCountry "ENG"]
[WhiteElo "2001"]
[WhiteRD "85"]
[BlackElo "2111"]
[BlackRD "67"]
[GameID "401463"]

1. e4 e5 2. Nf3 Nc6 3. Bb5 a6 4. Ba4 Nf6 5. O-O Be7 6. Re1 b5 7. Bb3 O-O 8. h3 Bb7 9. d3 Re8 10. Nc3 Bb4
11. Ng5 Rf8 12. a3 Bxc3 13. bxc3 h6 14. Nf3 d6 15. Nh4 Na5 16. Nf5 Nxb3 17. cxb3 Bc8 18. Qf3 Bxf5 19. Qxf5 Qd7 20. Qf3 Qe6
21. Rb1 Nd7 22. d4 Qg6 23. Bd2 c5 24. Be3 exd4 25. cxd4 Rfe8 26. dxc5 dxc5 27. Bf4 Rac8 28. Rbd1 Nf8 29. Rd6 Re6 30. e5 Qf5
31. g4 Qg6 32. Bg3 Rce8 33. Red1 Qc2 34. R6d2 Qg6 35. Kh2 Qg5 36. Qd5 Ng6 37. Qxc5 h5 38. gxh5 Qxh5 39. f4 Ne7 40. Qf2 Nf5
41. Rg1 Rh6 42. h4 Rc8 43. Rd3 Nxg3 44. Rgxg3 Qxh4+
0-1

[Event "At a Turtle's Pace"]
[Site "SchemingMind.com"]
[Date "2016.07.15"]
[Round "-"]
[White "greghghs"]
[Black "Diadoco"]
[Result "1/2-1/2"]
[WhiteCountry "ENG"]
[BlackCountry "MEX"]
[WhiteElo "2111"]
[WhiteRD "67"]
[BlackElo "2001"]
[BlackRD "85"]
[GameID "401464"]

1. e4 e5 2. Nf3 Nf6 3. Nxe5 d6 4. Nc4 Nxe4 5. d4 d5 6. Ne3 Qf6 7. Qe2 Be6 8. c3 Nc6 9. g3 O-O-O 10. Bg2 h5
11. Nd2 Nxd2 12. Bxd2 h4 13. O-O-O h3 14. Bf3 Qg6 15. Rhe1 Be7 16. Bh1 Rhe8 17. Qf1 a6 18. f4 Bg4 19. Nxg4 Qxg4 20. Re3 Rh8
21. Rde1 Qd7 22. Bf3 f5 23. Qe2 Bf6 24. Bh5 Kb8 25. Be8 Qc8 26. Bf7 Rd6 27. Be6 Qd8 28. Bxf5 Ka7 29. Re8 Rxe8 30. Qxe8 Ne7
31. Qxd8 Rxd8 32. Bd3 Nc8 33. f5 Nd6 34. g4 Nf7 35. Kc2 c6 36. Bf4 Kb6 37. a4 a5 38. b4 axb4 39. a5+ Ka7 40. Bc7 Rh8
41. Bb6+ Kb8 42. cxb4 Ng5 43. Re3 Kc8 44. b5 cxb5 45. Bxb5 Ne4 46. Re2=
1/2-1/2

[Event "At a Turtle's Pace"]
[Site "SchemingMind.com"]
[Date "2016.07.16"]
[Round "-"]
[White "Diadoco"]
[Black "flyinduck"]
[Result "0-1"]
[WhiteCountry "MEX"]
[BlackCountry "CAN"]
[WhiteElo "2003"]
[WhiteRD "83"]
[BlackElo "2053"]
[BlackRD "55"]
[GameID "401465"]

1. e4 c5 2. Nf3 Nc6 3. d4 cxd4 4. Nxd4 e6 5. Nc3 Qc7 6. Be3 a6 7. Qd2 Nf6 8. O-O-O Bb4 9. f3 O-O 10. a3 Be7
11. g4 b5 12. h4 Rd8 13. h5 d5 14. g5 dxe4 15. gxf6 Bxf6 16. Qf2 exf3 17. Nxc6 Rxd1+ 18. Nxd1 Qxc6 19. Bd4 e5 20. Bc3 a5
21. Qe3 Bf5 22. Bh3 h6 23. Kb1 Bh7 24. Rh2 b4 25. axb4 axb4 26. Bxb4 Bg5 27. Qxe5 Qa4 28. Ba3 Bf4 29. Qd5 Bxh2 30. Bf5 Bxf5
31. Qxf5 Qf4 32. Qc5 Bg3 33. Nf2 Bxf2 34. Qxf2 Re8 35. Bc5 Re2 36. Qf1 Qd2 37. Ka2 Qxc2 38. Bd4 Qa4+
0-1

[Event "At a Turtle's Pace"]
[Site "SchemingMind.com"]
[Date "2016.07.16"]
[Round "-"]
[White "flyinduck"]
[Black "Diadoco"]
[Result "1/2-1/2"]
[WhiteCountry "CAN"]
[BlackCountry "MEX"]
[WhiteElo "2053"]
[WhiteRD "55"]
[BlackElo "2003"]
[BlackRD "83"]
[GameID "401466"]

1. d4 Nf6 2. Bg5 c5 3. d5 Ne4 4. Bf4 Qb6 5. Nd2 Qxb2 6. Nxe4 Qb4+ 7. c3 Qxe4 8. e3 g5 9. Bg3 Bg7 10. Rc1 d6
11. h4 h6 12. Nf3 Qg6 13. Bd3 f5 14. Be2 g4 15. h5 Qf7 16. Ng1 Nd7 17. c4 Nf6 18. Bd3 Nxh5 19. Ne2 Nxg3 20. Nxg3 Bd7
21. Qc2 O-O 22. Rh5 f4 23. Bg6 Qf6 24. Bh7+ Kh8 25. exf4 Qxf4 26. Bf5 Bxf5 27. Nxf5 Qe5+ 28. Kf1 Qf6 29. Nh4 Kg8 30. g3 e6
31. dxe6 Qxe6 32. Re1 Qd7 33. Rd5 Rae8 34. Rxe8 Rxe8 35. Nf5 Re5 36. Rxe5 dxe5 37. Ne3 Qe6 38. Qe4 b6 39. Nxg4 Kf7 40. Ne3=
1/2-1/2

[Event "At a Turtle's Pace"]
[Site "SchemingMind.com"]
[Date "2016.07.14"]
[Round "-"]
[White "Diadoco"]
[Black "Wojtek26"]
[Result "1-0"]
[WhiteCountry "MEX"]
[BlackCountry "POL"]
[WhiteElo "1987"]
[WhiteRD "102"]
[BlackElo "1588"]
[BlackRD "51"]
[GameID "401467"]

1. e4 e5 2. Nf3 Nc6 3. Bb5 d6 4. d4 exd4 5. Nxd4 Bd7 6. Nc3 a6 7. Bxc6 Bxc6 8. O-O Nf6 9. Re1 Be7 10. Nf5 O-O
11. Nd5 Bxd5 12. exd5 Qd7 13. Nxe7+ Kh8 14. Qf3 Rae8 15. Bg5 Rxe7 16. Bxf6 gxf6 17. Qxf6+
1-0

[Event "At a Turtle's Pace"]
[Site "SchemingMind.com"]
[Date "2016.07.15"]
[Round "-"]
[White "Wojtek26"]
[Black "Diadoco"]
[Result "0-1"]
[WhiteCountry "POL"]
[BlackCountry "MEX"]
[WhiteElo "1588"]
[WhiteRD "51"]
[BlackElo "1987"]
[BlackRD "102"]
[GameID "401468"]

1. d4 d5 2. c4 dxc4 3. e3 e5 4. Bxc4 Nc6 5. Nf3 e4 6. Nfd2 Nf6 7. Qc2 Bb4 8. a3 Bxd2+ 9. Nxd2 Bf5 10. O-O O-O
11. Nb3 Qd6 12. Nc5 Rab8 13. b4 b6 14. Nb3 Ng4 15. g3 Qh6 16. Bd5 Qxh2#
0-1

[Event "At a Turtle's Pace"]
[Site "SchemingMind.com"]
[Date "2016.07.19"]
[Round "-"]
[White "tyler_ensor"]
[Black "JAHI"]
[Result "0-1"]
[WhiteCountry "CAN"]
[BlackCountry "INT"]
[WhiteElo "1752"]
[WhiteRD "73"]
[BlackElo "2062"]
[BlackRD "61"]
[GameID "401594"]

1. d4 g6 2. c4 Bg7 3. Nc3 c6 4. e4 a6 5. Be3 a5 6. f3 b6 7. Qd2 Na6 8. a3 Nc7 9. Bd3 Ba6 10. Nge2 Rc8
11. h4 c5 12. h5 cxd4 13. Bxd4 Bxd4 14. Nxd4 gxh5 15. Rxh5 Ne6 16. Nxe6 dxe6 17. Nb5 Nf6 18. Rh1 Bxb5 19. cxb5 Qd6 20. Kf2 Rg8
21. Rac1 Qg3+
0-1

[Event "At a Turtle's Pace"]
[Site "SchemingMind.com"]
[Date "2016.07.17"]
[Round "-"]
[White "JAHI"]
[Black "tyler_ensor"]
[Result "1-0"]
[WhiteCountry "INT"]
[BlackCountry "CAN"]
[WhiteElo "2028"]
[WhiteRD "57"]
[BlackElo "1841"]
[BlackRD "87"]
[GameID "401595"]

1. g3 f5 2. Bg2 Nf6 3. c3 e5 4. a3 Be7 5. a4 O-O 6. b3 c5 7. Na3 Nc6 8. Nc2 d6 9. Ba3 a5 10. Rc1 e4
11. d3 d5 12. Nh3 b6 13. Ne3 Ne5 14. dxe4 fxe4 15. Nf4 Bb7 16. Ne6 Qd7 17. Nxf8 Rxf8 18. Rc2
1-0

[Event "At a Turtle's Pace"]
[Site "SchemingMind.com"]
[Date "2016.07.19"]
[Round "-"]
[White "finlaggan"]
[Black "JAHI"]
[Result "0-1"]
[WhiteCountry "SCO"]
[BlackCountry "INT"]
[WhiteElo "2054"]
[WhiteRD "107"]
[BlackElo "2099"]
[BlackRD "66"]
[GameID "401596"]

1. e4 g6 2. d4 Bg7 3. c4 c6 4. Nc3 a6 5. Nf3 a5 6. c5 d6 7. cxd6 exd6 8. Be2 Ne7 9. O-O d5 10. Bg5 f6
11. Bf4 Be6 12. Qb3 b6 13. Rfe1 Kf7 14. Qc2 Re8 15. e5 Kg8 16. exf6 Bxf6 17. Bd3 Bg4 18. Ne5 Bf5 19. Rad1 Bxd3 20. Qxd3 Nf5
21. Ne2 Bxe5 22. Bxe5 Nd7 23. Qc3 Rc8 24. Ng3 Ng7 25. f4 Nxe5 26. dxe5 Qe7 27. Kh1 Qb4 28. Qxb4 axb4 29. Rd4 b3 30. axb3 Ne6
31. Rb4 c5 32. Rxb6 Nxf4 33. Kg1 Rb8 34. Rxb8 Rxb8 35. Re3 Rf8 36. Ne2 d4 37. Re4 Nd3 38. e6 Kg7 39. g3 Kf6 40. Nf4 Kf5
41. Re2 Nxf4 42. gxf4 Re8 43. Re5+ Kxf4 44. Rxc5 Rxe6 45. Kf2 Re3 46. Rc7 Rh3 47. Rf7+ Ke4 48. Kg2 Rxb3 49. Re7+ Kd3 50. Rxh7 Ke2
51. Re7+ Re3 52. Rd7 d3 53. b4 d2
0-1

[Event "At a Turtle's Pace"]
[Site "SchemingMind.com"]
[Date "2016.07.17"]
[Round "-"]
[White "JAHI"]
[Black "finlaggan"]
[Result "1-0"]
[WhiteCountry "INT"]
[BlackCountry "SCO"]
[WhiteElo "2099"]
[WhiteRD "66"]
[BlackElo "2054"]
[BlackRD "107"]
[GameID "401597"]

1. g3 g6 2. Bg2 Bg7 3. c3 d5 4. a3 Nf6 5. a4 a5 6. b3 O-O 7. Na3 e5 8. h3 c6 9. Nc2 Re8 10. Ba3 Bf8
11. Bxf8 Kxf8 12. Ne3 Kg7 13. h4 h5 14. Qc2 d4 15. Nc4 Bf5 16. Qb2 dxc3 17. dxc3 Na6 18. Nf3 Nc5 19. Rd1 Qe7 20. Ne3 Be4
21. Nd2 Bxg2 22. Nxg2 b5 23. Qc2 Nd5 24. axb5 cxb5 25. c4 Nb4 26. Qc3 Nc6 27. Nf4 Nd4 28. Nd5 Qd8 29. g4 hxg4 30. Qg3 a4
31. h5 Qd6 32. hxg6 fxg6 33. bxa4 bxc4 34. Nc3 Rh8 35. Rxh8 Rxh8 36. Qg2 g3 37. Kf1 Qf6 38. Nde4 Nxe4 39. Nxe4 Qf4 40. Nxg3 c3
41. e3 Qf3 42. Qxf3 Nxf3 43. Ke2 Ng5 44. Kd3 Rh2 45. Rf1 Rh4 46. Ra1 Rh8 47. a5 Ne6 48. Kxc3 Ra8 49. Kb4 Nc7 50. Rd1 Kf6
51. Rd7 Rb8+ 52. Kc4 Ne8 53. Ne4+ Kf5 54. Nc5 Ra8 55. e4+ Kf4 56. a6 Kf3 57. Rf7+
1-0

[Event "At a Turtle's Pace"]
[Site "SchemingMind.com"]
[Date "2016.07.22"]
[Round "-"]
[White "emvarela"]
[Black "JAHI"]
[Result "0-1"]
[WhiteCountry "ARG"]
[BlackCountry "INT"]
[WhiteElo "1724"]
[WhiteRD "55"]
[BlackElo "2062"]
[BlackRD "61"]
[GameID "401598"]

1. e4 g6 2. d4 Bg7 3. Nc3 c6 4. Nf3 a6 5. Be3 a5 6. Bd3 b6 7. O-O Na6 8. a3 b5 9. Qd2 Nc7 10. b4 a4
11. Ne2 Nf6 12. c4 bxc4 13. Bxc4 Nxe4 14. Qc2 Nd6 15. Rac1 Nxc4 16. Qxc4 Nb5 17. Nc3 Ba6 18. Nxb5 Bxb5 19. Qc5 Bxf1 20. Kxf1 Qb8
21. Ne5 Qb5+ 22. Qxb5 cxb5 23. Rc7 Bxe5 24. dxe5 Rf8 25. Rb7 f6 26. Rxb5 fxe5 27. Rxe5 Rf5 28. Re4 d6 29. h4 Rc8 30. g4 Rb5
31. Bg5 Re5 32. Rf4 Rc3 33. b5 Rxa3
0-1

[Event "At a Turtle's Pace"]
[Site "SchemingMind.com"]
[Date "2016.07.20"]
[Round "-"]
[White "JAHI"]
[Black "emvarela"]
[Result "1-0"]
[WhiteCountry "INT"]
[BlackCountry "ARG"]
[WhiteElo "2062"]
[WhiteRD "61"]
[BlackElo "1724"]
[BlackRD "55"]
[GameID "401599"]

1. g3 d5 2. Bg2 e5 3. c3 Nf6 4. a3 c5 5. a4 Nc6 6. b3 Be6 7. Na3 a6 8. Nc2 Be7 9. Ba3 Qb6 10. Qb1 O-O
11. Nf3 e4 12. Ng5 Na5 13. Nxe6 Qxe6 14. b4 cxb4 15. Nd4 Qd7 16. Bxb4 Bxb4 17. Qxb4 Nc6 18. Nxc6 bxc6 19. Rb1 Rfc8 20. c4 dxc4
21. Qxc4 Qd5 22. Rc1 Qxc4 23. Rxc4 Rab8 24. e3 a5 25. Ke2 Rb4 26. Rhc1 Rxc4 27. Rxc4 Nd5 28. Bxe4 Nb4 29. Rc5 g6 30. Rxa5 c5
31. Rb5 f5 32. Bb7 Rc7 33. a5 Nc6 34. a6 Na7 35. Bd5+
1-0

[Event "At a Turtle's Pace"]
[Site "SchemingMind.com"]
[Date "2016.07.19"]
[Round "-"]
[White "Diadoco"]
[Black "JAHI"]
[Result "0-1"]
[WhiteCountry "MEX"]
[BlackCountry "INT"]
[WhiteElo "2002"]
[WhiteRD "88"]
[BlackElo "2051"]
[BlackRD "62"]
[GameID "401600"]

1. e4 g6 2. d4 Bg7 3. f4 c6 4. Nf3 a6 5. Bd3 a5 6. O-O b6 7. Be3 Na6 8. c3 h6 9. Nbd2 h5 10. f5 Nh6
11. fxg6 f6 12. h3 Nc7 13. Qb3 Ne6 14. Rad1 Qc7 15. Bxh6 a4 16. Bxg7 axb3 17. Bxh8 Qg3 18. Rf2 Nf4 19. Kf1 Nxd3 20. Re2 bxa2
21. Ra1 Qxg6 22. e5 Nf4 23. Rf2 Ba6+ 24. c4 Bxc4+ 25. Nxc4 Qb1+ 26. Rxb1 axb1=Q+ 27. Ne1 Ra1
0-1

[Event "At a Turtle's Pace"]
[Site "SchemingMind.com"]
[Date "2016.07.17"]
[Round "-"]
[White "JAHI"]
[Black "Diadoco"]
[Result "1/2-1/2"]
[WhiteCountry "INT"]
[BlackCountry "MEX"]
[WhiteElo "2084"]
[WhiteRD "63"]
[BlackElo "2042"]
[BlackRD "88"]
[GameID "401601"]

1. g3 e5 2. Bg2 d5 3. c3 Nf6 4. a3 c5 5. a4 Nc6 6. b3 Be6 7. Na3 Be7 8. Nc2 O-O 9. Ba3 Qc7 10. Rc1 a6
11. b4 c4 12. Nf3 b5 13. a5 h6 14. Bb2 Rad8 15. Ra1 Nd7 16. Qb1 f5 17. e3 g5 18. Ng1 Bf7 19. Ne2 Nf6 20. Qd1 Bg6
21. Bc1 Kg7 22. Bb2 h5 23. Rc1 Rh8 24. Ra1 Rh7 25. Ng1 Rdh8 26. Nh3 Ne4 27. f3 Nd6 28. Nf2 h4 29. g4 f4 30. Bh3 Bf6
31. Rc1 Re8 32. Ra1 Kh6 33. Rb1 Rf7 34. Bg2 d4 35. e4 d3 36. Na3 Bd8 37. h3 Qb7 38. Ra1 Bc7 39. Rb1 Bb8 40. Rf1 Ba7
41. Ra1 Ne7 42. Rc1 Ng8 43. Nc2 dxc2 44. Qe2 Bxf2+ 45. Rxf2 Rd7 46. Kf1 Nf6 47. Kg1 Red8 48. Re1 Nf7 49. Kh2 Rd3 50. Bc1 Qe7
51. Rff1 Qa7 52. Qf2 Qxf2 53. Rxf2 R8d7 54. Bf1 Nd8 55. Bxd3 cxd3 56. Bb2 Rc7 57. Kg2 Rc4 58. Rc1 Nc6 59. Kg1 Nd7 60. Ba3 Kg7
61. Rff1 Nd8 62. Rce1 Nb7 63. Ra1 Nd6 64. Rae1 Bxe4 65. fxe4 Nxe4 66. Rf3 Rxc3 67. Bc1 Ng3 68. dxc3 Ne2+ 69. Rxe2 dxe2 70. Kf2 e4
71. Re3 fxe3+ 72. Kxe2 Ne5 73. Kxe3 Nd3 74. Kd2 Ne5 75. Kxc2 Kf6 76. Kd2 Nc4+ 77. Ke1 Kg6 78. Ke2 Kf6 79. Ke1 Kg6=
1/2-1/2

[Event "At a Turtle's Pace"]
[Site "SchemingMind.com"]
[Date "2016.07.19"]
[Round "-"]
[White "greghghs"]
[Black "JAHI"]
[Result "1/2-1/2"]
[WhiteCountry "ENG"]
[BlackCountry "INT"]
[WhiteElo "2111"]
[WhiteRD "67"]
[BlackElo "2028"]
[BlackRD "57"]
[GameID "401602"]

1. e4 g6 2. d4 Bg7 3. Nc3 c6 4. f3 a6 5. Be3 a5 6. Bd3 b6 7. Qd2 Na6 8. a3 h6 9. Nge2 b5 10. O-O Nc7
11. Rae1 h5 12. e5 Nh6 13. f4 d6 14. exd6 Qxd6 15. Ne4 Qd8 16. Nc5 Bf5 17. Bf2 a4 18. c3 Nd5 19. Ng3 Bxd3 20. Nxd3 e6
21. Ne4 Nf5 22. Qd1 Rc8 23. Qf3=
1/2-1/2

[Event "At a Turtle's Pace"]
[Site "SchemingMind.com"]
[Date "2016.07.17"]
[Round "-"]
[White "JAHI"]
[Black "greghghs"]
[Result "1/2-1/2"]
[WhiteCountry "INT"]
[BlackCountry "ENG"]
[WhiteElo "2028"]
[WhiteRD "57"]
[BlackElo "2111"]
[BlackRD "67"]
[GameID "401603"]

1. g3 Nf6 2. Bg2 d5 3. c3 e5 4. a3 c6 5. a4 Be7 6. b3 O-O 7. Na3 Nbd7 8. Nc2 Nc5 9. Ra3 Nce4 10. b4 Qb6
11. Ne3 a5 12. bxa5 Qxa5 13. Ra1 Bd6 14. Nf3 Be6 15. Bb2 b5 16. axb5 Qxb5 17. Qc2 Rfb8 18. Rxa8 Rxa8 19. Bc1 c5 20. c4 Qa4
21. Qxa4 Rxa4 22. cxd5 Nxd5 23. Nxd5 Bxd5=
1/2-1/2

[Event "At a Turtle's Pace"]
[Site "SchemingMind.com"]
[Date "2016.07.19"]
[Round "-"]
[White "flyinduck"]
[Black "JAHI"]
[Result "1/2-1/2"]
[WhiteCountry "CAN"]
[BlackCountry "INT"]
[WhiteElo "2042"]
[WhiteRD "57"]
[BlackElo "2047"]
[BlackRD "58"]
[GameID "401604"]

1. d4 g6 2. e4 Bg7 3. Nc3 c6 4. Be3 a6 5. Qd2 a5 6. Bd3 b6 7. h4 Na6 8. h5 b5 9. Nf3 Nc7 10. O-O-O Ba6
11. Rh2 b4 12. Ne2 Bxd3 13. cxd3 gxh5 14. Rxh5 Nf6 15. Rh3 Ne6 16. Rdh1 Rg8 17. e5 Nd5 18. Rxh7 Qb6 19. Nh4 Bf8 20. g3 a4
21. Kb1 f6 22. Nf5 a3 23. b3 Qb5 24. Bh6 Kd8 25. Bxf8 Rxf8 26. R7h5 Kc7 27. f4 Qa5 28. Ne3 Nc3+ 29. Nxc3 bxc3 30. Qf2 Nxd4
31. exf6 Qb4 32. fxe7 Rfe8 33. f5 Nxb3 34. Nc4 Nd2+ 35. Kc2 Nxc4 36. Qf4+ d6 37. dxc4 Rxe7 38. Rh7 Qb2+ 39. Kd3 Qe2+ 40. Kxc3 Qb2+
41. Kd3 Qe2+ 42. Kc3 Qb2+ 43. Kd3 Qe2+ 44. Kc3
1/2-1/2

[Event "At a Turtle's Pace"]
[Site "SchemingMind.com"]
[Date "2016.07.18"]
[Round "-"]
[White "JAHI"]
[Black "flyinduck"]
[Result "0-1"]
[WhiteCountry "INT"]
[BlackCountry "CAN"]
[WhiteElo "1990"]
[WhiteRD "68"]
[BlackElo "2000"]
[BlackRD "61"]
[GameID "401605"]

1. g3 d5 2. Bg2 c5 3. c3 Nc6 4. a3 Nf6 5. a4 e5 6. b3 Bd6 7. Na3 O-O 8. Nc2 Re8 9. Ba3 h5 10. Rc1 h4
11. Nh3 d4 12. Ng5 e4 13. Bb2 d3 14. Ne3 Bc7 15. Rb1 dxe2 16. Qxe2 Ne5 17. Kf1 Nd3 18. c4 Nxb2 19. Rxb2 Qd4 20. Ra2 Qe5
21. Nh3 Bd7 22. Nf4 Bc6 23. Bh3 Rad8 24. Kg2 Qg5 25. Nfd5 Bxd5 26. cxd5 Nxd5 27. Qg4 Qxg4 28. Bxg4 Nb4 29. Raa1 Rxd2 30. Rhd1 Red8
31. Rxd2 Rxd2 32. Rd1 Rxd1 33. Nxd1 hxg3 34. hxg3 g6 35. Bc8 b6 36. Nc3 f5 37. Nd5 Nxd5 38. Be6+ Kg7 39. Bxd5 Kf6 40. f3 Ke5
41. fxe4 fxe4 42. Bc4 Kd4 43. Kf2 g5 44. g4 Bf4 45. Ke2 Kc3 46. Bd5 e3 47. Be6 a6 48. Bc4 b5 49. axb5 axb5 50. Bd5 c4
51. bxc4 bxc4 52. Bf7 Kb4 53. Bg6 Ka3 54. Bc2 Kb2 55. Bd1 c3 56. Kd3 e2 57. Kxe2 c2 58. Bxc2 Kxc2 59. Kf2 Kd3 60. Kg2 Ke2
61. Kh3 Bd2 62. Kg2 Be1 63. Kh2 Kf3 64. Kg1 Kxg4 65. Kf1 Bc3 66. Ke2 Kh3 67. Kd1 g4 68. Kc2 Bg7 69. Kd3 g3 70. Kc4 g2
71. Kd3 g1=Q 72. Kc4 Qd4+ 73. Kb5 Qc3 74. Kb6 Qc4 75. Kb7 Qc5 76. Ka6 Qb4 77. Ka7 Be5 78. Ka6 Bc7 79. Ka7 Qb6+ 80. Ka8 Qa6#
0-1

[Event "At a Turtle's Pace"]
[Site "SchemingMind.com"]
[Date "2016.07.17"]
[Round "-"]
[White "JAHI"]
[Black "Wojtek26"]
[Result "1-0"]
[WhiteCountry "INT"]
[BlackCountry "POL"]
[WhiteElo "1998"]
[WhiteRD "58"]
[BlackElo "1501"]
[BlackRD "46"]
[GameID "401606"]

1. g3 e5 2. Bg2 Nf6 3. c3 Bc5 4. a3 O-O 5. a4 d5 6. b3 Bf5 7. b4 Bd6 8. h3 c6 9. h4 Nbd7 10. Nh3 Nb6
11. a5 Nbd7 12. d3 a6 13. Nd2 h6 14. Ba3 b5 15. axb6 Qxb6 16. Nb3 a5 17. bxa5 Qc7 18. Bxd6 Qxd6 19. Qc1 e4 20. Qf4 Qxf4
21. Nxf4 exd3 22. Nd4 d2+ 23. Kxd2 Ne4+ 24. Bxe4 Bxe4 25. f3 Bg6 26. Nxc6 Rfe8 27. h5 Bh7 28. Nxd5 Rad8 29. Nxd8 Rxd8 30. a6 Ra8
31. a7
1-0

[Event "At a Turtle's Pace"]
[Site "SchemingMind.com"]
[Date "2016.07.19"]
[Round "-"]
[White "Wojtek26"]
[Black "JAHI"]
[Result "0-1"]
[WhiteCountry "POL"]
[BlackCountry "INT"]
[WhiteElo "1501"]
[WhiteRD "46"]
[BlackElo "1998"]
[BlackRD "58"]
[GameID "401607"]

1. d4 g6 2. c4 Bg7 3. e3 c6 4. Nf3 a6 5. Be2 a5 6. O-O b6 7. Bd2 Na6 8. Nc3 Nc7 9. Ne4 Ba6 10. b3 f6
11. Rb1 f5 12. Nc3 Ne6 13. Re1 Bb7 14. Qc2 Nf6 15. Ne5 Ng5 16. f4 Nge4 17. Bf3 d6 18. Bxe4 fxe4 19. Nxe4 dxe5 20. Nxf6+ exf6
21. fxe5 fxe5 22. dxe5 Bxe5 23. Bc3 Bxc3 24. Qxc3 Rf8 25. Rbd1 Qf6 26. Qd2 Rd8 27. Qc2 c5 28. Rf1 Qe7 29. Rf4 Qxe3+
0-1

[Event "At a Turtle's Pace"]
[Site "SchemingMind.com"]
[Date "2016.07.25"]
[Round "-"]
[White "dadshane2000"]
[Black "tyler_ensor"]
[Result "1/2-1/2"]
[WhiteCountry "USA"]
[BlackCountry "CAN"]
[WhiteElo "1905"]
[WhiteRD "81"]
[BlackElo "1779"]
[BlackRD "81"]
[GameID "401829"]

1. e4 c6 2. d4 d5 3. Nc3 dxe4 4. Nxe4 Bf5 5. Ng3 Bg6 6. h4 h6 7. Nf3 Nd7 8. h5 Bh7 9. Bd3 Bxd3 10. Qxd3 e6
11. Bd2 Ngf6 12. O-O-O Be7 13. Kb1 Qb6 14. Rhe1 O-O 15. Nf5 exf5 16. Rxe7 Qd8 17. Qa3 Ne4 18. Nh4 Nxf2 19. Rde1 Ne4 20. R1xe4 fxe4
21. Nf5 Nf6 22. Rxb7 Nxh5 23. Ne7+=
1/2-1/2

[Event "At a Turtle's Pace"]
[Site "SchemingMind.com"]
[Date "2016.07.26"]
[Round "-"]
[White "tyler_ensor"]
[Black "dadshane2000"]
[Result "0-1"]
[WhiteCountry "CAN"]
[BlackCountry "USA"]
[WhiteElo "1779"]
[WhiteRD "81"]
[BlackElo "1905"]
[BlackRD "81"]
[GameID "401830"]

1. d4 Nf6 2. c4 g6 3. Nc3 Bg7 4. Nf3 d6 5. g3 O-O 6. Bg2 Nbd7 7. O-O e5 8. e4 exd4 9. Nxd4 Re8 10. h3 a6
11. b3 Nc5 12. Re1 Bd7 13. Bb2 Qc8 14. Kh2 Nh5 15. Nd5 Ne6 16. Rb1 b5 17. cxb5 axb5 18. h4 Rxa2
0-1

[Event "At a Turtle's Pace"]
[Site "SchemingMind.com"]
[Date "2016.07.25"]
[Round "-"]
[White "dadshane2000"]
[Black "finlaggan"]
[Result "1/2-1/2"]
[WhiteCountry "USA"]
[BlackCountry "SCO"]
[WhiteElo "1903"]
[WhiteRD "83"]
[BlackElo "2111"]
[BlackRD "99"]
[GameID "401831"]

1. e4 e5 2. Nf3 Nc6 3. Bb5 Nf6 4. O-O Nxe4 5. d4 Nd6 6. Bxc6 dxc6 7. dxe5 Nf5 8. Qxd8+ Kxd8 9. Nc3 Ke8 10. h3 h6
11. Rd1 Ne7 12. Bf4 Ng6 13. Bg3 Be6 14. Nd4 Rd8 15. Nxe6 fxe6 16. Rxd8+ Kxd8 17. Rd1+ Kc8 18. Ne2 Bc5 19. Kf1 h5 20. Nc3 h4
21. Bh2 Rh5 22. Ne4= Be7 23. f4 Rf5 24. Kg1 Nxf4 25. Bxf4 Rxf4 26. Re1 Rf5 27. Nc3 Bc5+ 28. Kh2 Bd4 29. Re4 Bxe5+ 30. Kg1 g5
31. Nd1 Bg3 32. Rxe6 Re5 33. Rxe5 Bxe5 34. c3 Kd7 35. Kf2 Ke6 36. Ne3 Bd6 37. Kf3 Bf4 38. Nc2 Bc1 39. b3 Bd2 40. c4 Ke5=
1/2-1/2

[Event "At a Turtle's Pace"]
[Site "SchemingMind.com"]
[Date "2016.07.26"]
[Round "-"]
[White "finlaggan"]
[Black "dadshane2000"]
[Result "1-0"]
[WhiteCountry "SCO"]
[BlackCountry "USA"]
[WhiteElo "2111"]
[WhiteRD "99"]
[BlackElo "1903"]
[BlackRD "83"]
[GameID "401832"]

1. d4 Nf6 2. c4 g6 3. Nc3 Bg7 4. e4 d6 5. f3 O-O 6. Be3 e5 7. d5 c6 8. Bd3 b5 9. Nge2 b4 10. Na4 c5
11. O-O Nh5 12. a3 Na6 13. Bc2 Bd7 14. Bb3 Rb8 15. axb4 Nxb4 16. Nac3 a5 17. Ba4 f5 18. Bxd7 Qxd7 19. Rxa5 f4 20. Bf2 Ra8
21. Ra3 g5 22. Nb5 g4 23. Qb3 g3 24. hxg3 fxg3 25. Bxg3 Nxg3 26. Nxg3 Rxa3 27. bxa3 Na6 28. Nf5 Rf6 29. Qa4 Nc7 30. Qa7 Rf7
31. Qxc7 Qxc7 32. Nxc7 Rxc7 33. Nxd6
1-0